00888cam a22002531 4500001001300000003000400013005001700017008004100034010001700075035001900092040002400111042001200135050001700147100004400164245012600208260004800334300006300382490004800445500006300493504002600556650001600582650001900598999001700617f 29000008 DLC20260227111249.0761120s1929 dcu 000 0 eng  af 29000008  a(OCoLC)2571082 aDLCcTxdOCoLCdDLC apremarc00aSH222.T4bP41 aPearson, John C.q(John Cleary),d1902-10aNatural history and conservation of the redfish and other commercial sciænids on the Texas coast.cBy John C. Pearson... aWashington,bU.S. Govt. print. off.,c1929. a1 p. l., p. 129-214bincl. illus., tables, diagrs.c28 cm.0 a[U. S.] Bureau of fisheries. Doc.vno. 1046 aFrom Bulletin of the Bureau of fisheries, vol. xliv, 1928. aBibliography: p. 214. 0aSciaenidae. 0aFisheszTexas. c23291d23291